Kasaysayan ng bayang Pilipino / (Record no. 10211)

MARC details
000 -LEADER
fixed length control field 00716nam a22002417i 4500
003 - CONTROL NUMBER IDENTIFIER
control field URS
005 - DATE AND TIME OF LATEST TRANSACTION
control field 20250430185107.0
008 - FIXED-LENGTH DATA ELEMENTS--GENERAL INFORMATION
fixed length control field 161106b xxu||||| |||| 00| 0 eng d
020 ## - INTERNATIONAL STANDARD BOOK NUMBER
International Standard Book Number 9718711023
040 ## - CATALOGING SOURCE
Description conventions rda
Transcribing agency URS
Language of cataloging English
050 ## - LIBRARY OF CONGRESS CALL NUMBER
Classification number DS668
Item number .Ag73 1984
100 ## - MAIN ENTRY--PERSONAL NAME
Personal name Agoncillo, Teodoro A.
Relator term author.
245 ## - TITLE STATEMENT
Title Kasaysayan ng bayang Pilipino /
Statement of responsibility, etc Teodoro A. Agoncillo.
264 #1 - PUBLICATION, DISTRIBUTION, ETC. (IMPRINT)
Date of publication, distribution, etc .
264 ## - PUBLICATION, DISTRIBUTION, ETC. (IMPRINT)
Place of publication, distribution, etc Quezon City :
Name of publisher, distributor, etc Garotech Publishing,
Date of publication, distribution, etc ©1984.
300 ## - PHYSICAL DESCRIPTION
Extent x, 322 pages ;
Dimensions 22 cm.
336 ## - CONTENT TYPE
Content type term text
Content type code txt
Source rdacontent
337 ## - MEDIA TYPE
Media type term unmediated
Media type code n
Source rdamedia
338 ## - CARRIER TYPE
Carrier type term volume
Carrier type code nc
Source rdacarrier
504 ## - BIBLIOGRAPHY, ETC. NOTE
Bibliography, etc Includes bibliographical references.
650 #0 - SUBJECT ADDED ENTRY--TOPICAL TERM
Topical term or geographic name as entry element History
Geographic subdivision Philippines.
942 ## - ADDED ENTRY ELEMENTS (KOHA)
Source of classification or shelving scheme Library of Congress Classification
Koha item type Filipiniana
Holdings
Withdrawn status Lost status Source of classification or shelving scheme Damaged status Not for loan Collection code Home library Current library Shelving location Date acquired Source of acquisition Cost, normal purchase price Total Checkouts Full call number Barcode Date last seen Copy number Cost, replacement price Koha item type Price effective from
    Library of Congress Classification       Rodriguez College Library Rodriguez College Library Reference 05/23/2017       DS668 Ag73 1984 URSROD-2204 05/23/2017     Filipiniana 05/23/2017
    Library of Congress Classification       Rodriguez College Library Rodriguez College Library Reference 05/23/2017       DS668 Ag73 1984 URSROD-3666 05/23/2017     Filipiniana 05/23/2017
    Library of Congress Classification     Non-fiction Taytay College Library Taytay College Library Filipiniana Section 05/22/2009 Purchased 124.00   DS668 .Ag73 1984 URSTAY-1325 06/02/2025 1 124.00 Filipiniana  
    Library of Congress Classification     Non-fiction Taytay College Library Taytay College Library Filipiniana Section 05/22/2009 Purchased 124.00   DS668 .Ag73 1984 URSTAY-1326 06/02/2025 2 124.00 Filipiniana  
    Library of Congress Classification     Non-fiction Taytay College Library Taytay College Library Filipiniana Section 05/22/2009 Purchased 124.00   DS668 .Ag73 1984 URSTAY-1327 06/02/2025 3 124.00 Filipiniana  
    Library of Congress Classification     Non-fiction Taytay College Library Taytay College Library Filipiniana Section 05/22/2009 Purchased 124.00   DS668 .Ag73 1984 URSTAY-1328 06/02/2025 4 124.00 Filipiniana  
    Library of Congress Classification     Non-fiction Taytay College Library Taytay College Library Filipiniana Section 05/22/2009 Purchased 124.00   DS668 .Ag73 1984 URSTAY-1329 06/02/2025 5 124.00 Filipiniana  

University of Rizal System
Email us at univlibservices@urs.edu.ph

Visit our Website www.urs.edu.ph/library